Forecasting and Automating Accurate Levels of Reserve for Contra Revenue, Using Artificial Intelligence /
Estudio sobre la implementación de Python y el algoritmo ARIMA para facilitar y automatizar la predicción de la contra cuenta de ingresos del balance general de la empresa HP.
Na minha lista:
| Autor principal: | |
|---|---|
| Formato: | Tesis Livro |
| Idioma: | inglês |
| Publicado em: |
Guadalajara, México :
edición de autor,
2023
|
| Assuntos: | |
| Acesso em linha: | Ver documento en línea |
| Tags: |
Sem tags, seja o primeiro a adicionar uma tag!
|
MARC
| LEADER | 00000nam^a2200000^a^4500 | ||
|---|---|---|---|
| 001 | 000585999 | ||
| 005 | 20251023000000.0 | ||
| 009 | 20260310132740.919 | ||
| 037 | |a Acervo ITESO - Biblioteca | ||
| 041 | |a ING | ||
| 090 | |a MDT. 28 | ||
| 100 | |a Cisneros Chavira, David Armando |e (autor) | ||
| 245 | 1 | 0 | |a Forecasting and Automating Accurate Levels of Reserve for Contra Revenue, Using Artificial Intelligence / |c D.A. Cisneros Chavira. |
| 264 | 1 | |a Guadalajara, México : |b edición de autor, |c 2023 | |
| 300 | |a 1 tesis electrónica en línea (45 p.) | ||
| 300 | |a 1 recurso en línea | ||
| 336 | |a datos para computadora |b cod |2 rdacontenido | ||
| 337 | |a computadora |b c |2 rdamedio | ||
| 338 | |a recurso en línea |b cr |2 rdasoporte | ||
| 502 | |a ITESO Tesis de Maestría en Ciencia de Datos | ||
| 520 | |a Estudio sobre la implementación de Python y el algoritmo ARIMA para facilitar y automatizar la predicción de la contra cuenta de ingresos del balance general de la empresa HP. | ||
| 649 | |a XX | ||
| 650 | |a Inteligencia Artificial | ||
| 650 | |a Algoritmos Computacionales | ||
| 650 | |a Lenguajes de Programación | ||
| 650 | |a Automatización | ||
| 650 | |a Simulación de Negocios - |x Tema Principal | ||
| 650 | |a Modelos Predictivos | ||
| 650 | |a Balance General - |x Tema Principal | ||
| 650 | |a Estados Financieros | ||
| 650 | |a Contabilidad Financiera - |x Aspectos Tecnológicos | ||
| 650 | |a Finanzas - |x Aspectos Tecnológicos | ||
| 650 | |a Análisis de Series Temporales | ||
| 650 | |a Análisis de Regresión | ||
| 650 | |a Análisis Estadístico | ||
| 650 | |a Estadística | ||
| 650 | |a Ciencia de Datos | ||
| 650 | |a Ingeniería Computacional | ||
| 856 | 4 | 0 | |u https://rei.iteso.mx/handle/11117/9168 |y Ver documento en línea |
| 910 | |a Fondo General | ||
| 920 | |a Electrónicos - Tesis del ITESO en Línea | ||
| 930 | |a Repositorio Institucional | ||
| 905 | |a 201 | ||
| 901 | |a 585999-1 |b IT2 |c ETI |u 20250521 | ||
| 902 | |a https://opac.biblio.iteso.mx/vufind/Record/000585999 | ||